[Event "GER-chT Lands U20"]
[Site "Hannover"]
[Date "2017.10.03"]
[Round "6.2"]
[White "Wendler, David"]
[Black "Syrov, Arkadi"]
[Result "1/2-1/2"]
[WhiteElo "2122"]
[BlackElo "2236"]
[PlyCount "152"]
[EventDate "2017.09.29"]
[EventType "team-swiss"]
[EventRounds "7"]
[EventCountry "GER"]
[SourceTitle "EXT 2018"]
[Source "ChessBase"]
[SourceDate "2017.10.13"]
[SourceVersion "1"]
[SourceVersionDate "2017.10.13"]
[SourceQuality "1"]
[WhiteTeam "Wuerttemberg U20"]
[BlackTeam "Rheinland Pfalz U20"]
[WhiteTeamCountry "GER"]
[BlackTeamCountry "GER"]

1. e4 e5 2. Nf3 Nc6 3. Bb5 a6 4. Ba4 Nf6 5. d3 b5 6. Bb3 Be7 7. 0-0 d6 8. c3 0-0 9. Re1 Na5 10. Bc2 c5 11. Nbd2 Re8 12. Nf1 Bf8 13. Ng3 Qc7 14. Bg5 Nd7 15. Nf5 h6 16. Bd2 Nf6 17. Ne3 Bb7 18. b4 Nc6 19. Bb3 c4 20. dxc4 bxc4 21. Bxc4 Ne7 22. Qb3 Nc8 23. Bd5 Nxe4 24. Bxb7 Qxb7 25. Nd5 Nxd2 26. Nxd2 Ne7 27. c4 Nxd5 28. cxd5 Reb8 29. Rab1 a5 30. a3 axb4 31. axb4 Qb5 32. Ne4 Qa4 33. Nc3 Qxb3 34. Rxb3 Be7 35. g4 g6 36. b5 f5 37. gxf5 gxf5 38. b6 Rb7 39. Ne2 Ra6 40. Ng3 f4 41. Nf5 Bf8 42. Reb1 Kf7 43. Kg2 Kf6 44. Nh4 Be7 45. Nf3 Bd8 46. Nd2 Rbxb6 47. Ne4+ Ke7 48. Kh3 Rxb3+ 49. Rxb3 Kd7 50. Kg4 Ra5 51. Rb7+ Bc7 52. Kh5 Rxd5 53. Nf6+ Kc6 54. Rxc7+ Kxc7 55. Nxd5+ Kc6 56. Nc3 Kc5 57. Kxh6 Kc4 58. Nd1 Kd3 59. Kg5 Ke2 60. Nc3+ Kxf2 61. h4 f3 62. h5 Ke1 63. Ne4 d5 64. Ng3 d4 65. h6 d3 66. h7 d2 67. h8Q d1Q 68. Qxe5+ Kd2 69. Ne4+ Kc1 70. Qa1+ Kc2 71. Qa4+ Kc1 72. Qa3+ Kc2 73. Qc3+ Kb1 74. Nd2+ Ka2 75. Qa5+ Kb2 76. Qb4+ Kc2 1/2-1/2